Slovak foreign trade

Gespeichert in:
Bibliographische Detailangaben
Format: Schriftenreihe
Sprache:Englisch
Veröffentlicht: Bratislava Slovenská obchodná a priemyselná komora 1997
Schlagworte:
Tags: Tag hinzufügen
Keine Tags, Fügen Sie das erste Tag hinzu!

MARC

LEADER 00000nas2a2200000 4500
001 s121380
005 20221220131347.5
041 0 |a eng 
044 |a SK 
245 1 0 |a Slovak foreign trade 
264 1 |a Bratislava  |b Slovenská obchodná a priemyselná komora  |c 1997 
300 |a 1 zv. 
773 0 |w eu_un_cat*s120225 
610 2 0 |a obchod zahraničný 
610 2 0 |a Slovensko